00239nam a2200097Ia 4500008004100000082000800041100001500049245005600064942000600120999001500126240331s9999 xx 000 0 und d bWOM aRao, A. ed 0aWomen's studies international :bnairobi and beyond cL c1824d1824